[Event "Deutsche Meisterschaft 2013"]
[Site "Saarbrücken"]
[Date "2013.09.11"]
[Round "6.20"]
[White "Jussupow, Nadia"]
[Black "Lochte, Thomas"]
[Result "1/2-1/2"]
[WhiteElo "2156"]
[BlackElo "2141"]
[PlyCount "107"]
[EventDate "2013.09.05"]

1. d4 Nf6 2. c4 e5 3. dxe5 Ng4 4. Nf3 Bc5 5. e3 Nc6 6. Nc3 O-O 7. Be2 Ngxe5 8.
Nxe5 Nxe5 9. O-O d6 10. f4 Nc6 11. Na4 Bf5 12. Bd3 Qf6 13. a3 Rfe8 14. Nxc5
dxc5 15. Bxf5 Qxf5 16. Qd5 Qxd5 17. cxd5 Na5 18. b4 Nb3 19. Rb1 c4 20. Kf2 Rad8
21. Rd1 c6 22. Bb2 cxd5 23. Bc3 Re6 24. Rb2 f5 25. Kf3 b5 26. h3 h5 27. g3 Kf7
28. Rg2 Rde8 29. Re2 d4 30. Bxd4 Rd6 31. Ra2 Red8 32. a4 Ra6 33. a5 Rad6 34. g4
Nxd4+ 35. exd4 Rxd4 36. Rxd4 Rxd4 37. gxf5 Rd3+ 38. Ke4 Rxh3 39. Kd5 Rd3+ 40.
Kc5 a6 41. Rh2 g6 42. fxg6+ Kxg6 43. f5+ Kxf5 44. Rxh5+ Ke4 45. Rh6 c3 46. Re6+
Kf3 47. Kb6 c2 48. Rc6 Rd6 49. Rxd6 c1=Q 50. Kxa6 Qc4 51. Rb6 Qxb4 52. Rxb5 Qc4
53. Kb6 Qc8 54. Rc5 1/2-1/2

[Event "Deutsche Meisterschaft 2013"]
[Site "Saarbrücken"]
[Date "2013.09.11"]
[Round "6.21"]
[White "Schreiber, Kevin"]
[Black "Bär, Sören"]
[Result "0-1"]
[WhiteElo "1920"]
[BlackElo "2139"]
[PlyCount "72"]
[EventDate "2013.09.05"]

1. d4 Nf6 2. Nf3 e6 3. e3 c5 4. Bd3 b6 5. O-O Bb7 6. Nbd2 Be7 7. b3 O-O 8. Bb2
d6 9. Qe2 a6 10. c4 Nbd7 11. Rad1 Qc7 12. e4 cxd4 13. Nxd4 g6 14. Bb1 Rfe8 15.
Nc2 b5 16. cxb5 axb5 17. Nd4 b4 18. Rc1 Nc5 19. Qe3 Ba6 20. Rfd1 Qb7 21. h4 e5
22. Ne2 Ng4 23. Qf3 h5 24. Nc4 Bxc4 25. Rxc4 Bxh4 26. g3 Be7 27. Kg2 Rac8 28.
Rdc1 Bg5 29. Rd1 Re6 30. Nf4 exf4 31. gxf4 Bf6 32. f5 gxf5 33. Qxf5 Bxb2 34.
Qxh5 Rg6 35. Kf1 Ne5 36. Rd5 Qe7 0-1

[Event "Deutsche Meisterschaft 2013"]
[Site "Saarbrücken"]
[Date "2013.09.12"]
[Round "7.1"]
[White "Bischoff, Klaus"]
[Black "Stern, Rene"]
[Result "1/2-1/2"]
[WhiteElo "2500"]
[BlackElo "2509"]
[PlyCount "62"]
[EventDate "2013.09.05"]

1. c4 e6 2. Nc3 d5 3. d4 Nf6 4. Bg5 Nbd7 5. cxd5 exd5 6. e3 Be7 7. Bd3 c6 8.
Qc2 O-O 9. Nf3 Re8 10. h3 Ne4 11. Bf4 Ndf6 12. O-O g6 13. Nd2 Bd6 14. Bxd6 Nxd6
15. b4 Be6 16. Ne2 Bf5 17. Bxf5 Nxf5 18. Rab1 Nd6 19. a4 a6 20. Nf4 Nfe4 21.
Nxe4 Rxe4 22. Nd3 Re7 23. Rb3 Rc8 24. Nc5 Qf8 25. Qe2 Qd8 26. Qf3 Kg7 27. Qf4
f6 28. Qg4 Qe8 29. Qf4 Qd8 30. Qg4 Qe8 31. Qf4 Qd8 1/2-1/2

[Event "Deutsche Meisterschaft 2013"]
[Site "Saarbrücken"]
[Date "2013.09.12"]
[Round "7.2"]
[White "Buhmann, Rainer"]
[Black "Kopylov, Michael"]
[Result "1/2-1/2"]
[WhiteElo "2580"]
[BlackElo "2457"]
[PlyCount "162"]
[EventDate "2013.09.05"]

1. Nf3 Nf6 2. c4 g6 3. Nc3 Bg7 4. e4 d6 5. d4 O-O 6. Be2 e5 7. O-O Nc6 8. d5
Ne7 9. b4 Nh5 10. Re1 a5 11. bxa5 Rxa5 12. Nd2 Nf4 13. Bf1 b6 14. a4 Bd7 15.
Ra3 f5 16. Nb5 Qc8 17. exf5 Bxb5 18. cxb5 Qxf5 19. Ne4 Kh8 20. Bc4 Ng8 21. Bb3
Nf6 22. Bc2 Nxe4 23. Bxe4 Qf7 24. Bd2 Ra7 25. Be3 Rfa8 26. Qc2 Bf6 27. Rd1 Kg7
28. g3 Nh3+ 29. Kg2 Ng5 30. h4 Nxe4 31. Qxe4 Bd8 32. Rda1 Qf5 33. f3 h5 34. Bd2
Kf7 35. Be3 Kg7 36. Bd2 Kf7 37. Bc3 Qxe4 38. fxe4 g5 39. hxg5 Bxg5 40. Be1 Kg6
41. Kf3 Bd8 42. Ke2 Kg5 43. Kf3 Kg6 44. a5 bxa5 45. Rxa5 Rxa5 46. Rxa5 Rxa5 47.
Bxa5 Kf7 48. Bd2 Ke8 49. g4 hxg4+ 50. Kxg4 Kf7 51. Kf5 Bh4 52. Ba5 Bd8 53. Be1
Bf6 54. Bf2 Be7 55. Ba7 Bd8 56. Bb8 Ke7 57. Kg4 Kd7 58. Ba7 Ke8 59. Bb8 Kd7 60.
Kh5 Ke7 61. Ba7 Kf7 62. Be3 Bf6 63. Bd2 Be7 64. Bb4 Kg7 65. Be1 Kf7 66. Kh6 Bf6
67. Bf2 Be7 68. Ba7 Bd8 69. Bb8 Ke7 70. Kh5 Kd7 71. Kg4 Ke7 72. Kg5 Kd7+ 73.
Kh5 Ke7 74. Ba7 Kf7 75. Kg4 Kf6 76. Bf2 Kf7 77. Be1 Kg6 78. Bd2 Bf6 79. Be3 Bd8
80. Ba7 Kf6 81. Kh5 Kf7 1/2-1/2

[Event "Deutsche Meisterschaft 2013"]
[Site "Saarbrücken"]
[Date "2013.09.12"]
[Round "7.3"]
[White "Donchenko, Alexander"]
[Black "Krämer, Martin"]
[Result "1-0"]
[WhiteElo "2467"]
[BlackElo "2542"]
[PlyCount "63"]
[EventDate "2013.09.05"]

1. c4 b6 2. Nc3 Bb7 3. e4 e5 4. g3 Bc5 5. Bg2 f5 6. Qh5+ g6 7. Qh3 Nf6 8. exf5
Bxg2 9. Qxg2 Nc6 10. d3 Ng4 11. Nh3 gxf5 12. Bg5 Be7 13. Bd2 O-O 14. O-O-O a6
15. f3 Nf6 16. Bh6 Re8 17. g4 Bf8 18. gxf5+ Kh8 19. Bd2 Bb4 20. a3 Bxc3 21.
Bxc3 d6 22. f4 Qd7 23. Ng5 Nd4 24. fxe5 dxe5 25. Rde1 Rad8 26. Bxd4 exd4 27.
Re6 Qg7 28. Rg1 Rf8 29. Qh3 Rc8 30. Nf3 Qf7 31. Rg5 Nd7 32. Nh4 1-0

[Event "Deutsche Meisterschaft 2013"]
[Site "Saarbrücken"]
[Date "2013.09.12"]
[Round "7.4"]
[White "Blübaum, Matthias"]
[Black "Oberhofer, Andre"]
[Result "0-1"]
[WhiteElo "2514"]
[BlackElo "2329"]
[PlyCount "68"]
[EventDate "2013.09.05"]

1. Nf3 Nf6 2. c4 e6 3. g3 d5 4. Bg2 Be7 5. d4 O-O 6. O-O c6 7. Qc2 Nbd7 8. Nbd2
b6 9. e4 Bb7 10. e5 Ne8 11. cxd5 exd5 12. Re1 Nc7 13. Nf1 Ne6 14. Ne3 c5 15.
Nf5 Re8 16. Nxe7+ Qxe7 17. b3 cxd4 18. Bb2 Rac8 19. Qd2 d3 20. Qxd3 Ndc5 21.
Qe3 Rc7 22. Rad1 Ne4 23. Rc1 Rec8 24. Rxc7 Rxc7 25. Rc1 h6 26. h4 Rc5 27. Ba3
Rxc1+ 28. Qxc1 Qd7 29. Bb2 d4 30. Nxd4 Nxd4 31. Qd1 Nd2 32. Bxb7 Qxb7 33. Bxd4
Nf3+ 34. Kf1 Qd5 0-1

[Event "Deutsche Meisterschaft 2013"]
[Site "Saarbrücken"]
[Date "2013.09.12"]
[Round "7.5"]
[White "Wagner, Dennis"]
[Black "Graf, Felix"]
[Result "1/2-1/2"]
[WhiteElo "2472"]
[BlackElo "2481"]
[PlyCount "114"]
[EventDate "2013.09.05"]

1. Nf3 d5 2. c4 c6 3. e3 Nf6 4. Nc3 g6 5. d4 Bg7 6. Be2 O-O 7. O-O a6 8. Qb3 e6
9. Qc2 Nbd7 10. b3 Re8 11. Ba3 e5 12. cxd5 cxd5 13. dxe5 Nxe5 14. Nxe5 Rxe5 15.
Bb2 Bf5 16. Qd2 Re7 17. Rfd1 Rd7 18. Qe1 Rc8 19. Rac1 d4 20. exd4 Rxd4 21. Bf3
Rxd1 22. Rxd1 Qc7 23. h3 Re8 24. Qd2 h6 25. g4 Bc8 26. Qd6 Qxd6 27. Rxd6 Nd7
28. Kg2 Ne5 29. Bd5 Bf8 30. Ne4 Bg7 31. Nf6+ Bxf6 32. Rxf6 Rd8 33. Be4 Nd3 34.
Bc3 Nc5 35. Bc2 Ne6 36. h4 Nd4 37. Be4 Nb5 38. Be5 Re8 39. f4 Bxg4 40. Bxb7 Be6
41. h5 Rd8 42. hxg6 Rd2+ 43. Kg3 Rxa2 44. gxf7+ Bxf7 45. Bxa6 Ra3 46. Rxh6
Rxb3+ 47. Kh4 Kf8 48. Bc8 Nc3 49. f5 Rb4+ 50. Kh3 Ne4 51. f6 Kg8 52. Bf5 Rb5
53. Bh7+ Kf8 54. Bf4 Nxf6 55. Rxf6 Rh5+ 56. Kg4 Rxh7 57. Bh6+ Ke7 1/2-1/2

[Event "Deutsche Meisterschaft 2013"]
[Site "Saarbrücken"]
[Date "2013.09.12"]
[Round "7.6"]
[White "Svane, Rasmus"]
[Black "Carow, Johannes"]
[Result "1-0"]
[WhiteElo "2445"]
[BlackElo "2375"]
[PlyCount "135"]
[EventDate "2013.09.05"]

1. Nf3 c5 2. c4 Nc6 3. Nc3 g6 4. e3 d6 5. d4 Bg4 6. Be2 Bg7 7. h3 Bd7 8. O-O
Nf6 9. d5 Na5 10. a3 Rc8 11. e4 O-O 12. Bg5 a6 13. Qc2 e5 14. dxe6 Bxe6 15. Nd5
Re8 16. Rfe1 Nc6 17. Bf1 Bxd5 18. exd5 Ne5 19. Nh2 Qc7 20. Bd2 Qb8 21. a4 b6
22. Bc3 Rc7 23. Qb3 a5 24. Re3 Rcc8 25. Rae1 Ned7 26. Nf3 Rxe3 27. Rxe3 Re8 28.
Bd2 Ne4 29. Bc1 Qd8 30. Bd3 Nef6 31. Qb5 Rxe3 32. Bxe3 Qe7 33. Qc6 Nh5 34. b3
h6 35. Qc7 Bf8 36. g4 Ne5 37. Qxe7 Nxf3+ 38. Kg2 Bxe7 39. Kxf3 Nf6 40. Bxh6 Nd7
41. Bf4 Kg7 42. Ke2 Ne5 43. Bc2 g5 44. Bg3 Bf6 45. Bf5 Be7 46. Ke3 f6 47. Ke4
Nf7 48. Bd7 Nh6 49. Be6 Kf8 50. f3 Kg7 51. Be1 Kg6 52. f4 Bd8 53. Bg3 Be7 54.
Bf2 Bd8 55. Kf3 Be7 56. h4 Bd8 57. hxg5 fxg5 58. Bg3 Be7 59. fxg5 Nf7 60. Bxf7+
Kxf7 61. g6+ Kxg6 62. Kg2 Kg5 63. Kh3 Bf8 64. Bh4+ Kf4 65. Bd8 Ke4 66. Bxb6 Kd3
67. Bxa5 Kc2 68. Bb6 1-0

[Event "Deutsche Meisterschaft 2013"]
[Site "Saarbrücken"]
[Date "2013.09.12"]
[Round "7.7"]
[White "Lubbe, Nikolas"]
[Black "Fridman, Daniel"]
[Result "1/2-1/2"]
[WhiteElo "2432"]
[BlackElo "2614"]
[PlyCount "106"]
[EventDate "2013.09.05"]

1. e4 e6 2. d4 d5 3. Nd2 Nf6 4. e5 Nfd7 5. f4 c5 6. c3 Nc6 7. Ndf3 Qb6 8. a3 a5
9. g3 Be7 10. Bh3 a4 11. Ne2 Qb3 12. Qxb3 axb3 13. Be3 Nb6 14. Rb1 Nc4 15. Bf2
b6 16. Nc1 N4a5 17. Nd2 c4 18. Ne2 f5 19. Bg2 Bd7 20. Rd1 b5 21. Nb1 Na7 22.
Be3 Nc8 23. Bc1 Nb6 24. Bf3 Nc6 25. Kf2 Kd8 26. h3 Be8 27. Rdg1 Kd7 28. h4 h5
29. Rd1 Bg6 30. Bg2 Ra6 31. Rhe1 Rha8 32. Bf1 Na4 33. Rd2 Nd8 34. Ng1 Bh7 35.
Kg2 R6a7 36. Kf2 Nc6 37. Ne2 Rh8 38. Bg2 Bd8 39. Bf3 Bg6 40. Kg2 Bb6 41. Red1
Nd8 42. Ng1 Nc6 43. Ne2 Rc8 44. Kh3 Nd8 45. Kg2 Nf7 46. Ng1 Nh6 47. Re1 Ng4 48.
Bd1 Ke7 49. Nf3 Be8 50. Ng1 Bg6 51. Nf3 Nh6 52. Ng5 Kd7 53. Nf3 Ke7 1/2-1/2

[Event "Deutsche Meisterschaft 2013"]
[Site "Saarbrücken"]
[Date "2013.09.12"]
[Round "7.8"]
[White "Schöne, Ralf"]
[Black "Poetsch, Hagen"]
[Result "1/2-1/2"]
[WhiteElo "2345"]
[BlackElo "2468"]
[PlyCount "172"]
[EventDate "2013.09.05"]

1. c4 e5 2. Nc3 Nf6 3. g3 d5 4. cxd5 Nxd5 5. Bg2 Nb6 6. Nf3 Nc6 7. O-O Be7 8.
a3 O-O 9. b4 Be6 10. d3 a5 11. b5 Nd4 12. Nd2 c6 13. bxc6 Nxc6 14. Bb2 a4 15.
Kh1 Qd7 16. Rb1 Nd4 17. Nce4 f5 18. Bxd4 Qxd4 19. Nf3 Qd8 20. Nc3 Bf6 21. e4
Rf7 22. Qe2 f4 23. Rb5 Rc8 24. Qb2 Bb3 25. Nxa4 Bxa4 26. Rxb6 Qxd3 27. Rxb7 Bd7
28. Rb8 Rxb8 29. Qxb8+ Rf8 30. Qb4 fxg3 31. hxg3 Ra8 32. Qb7 Rd8 33. Qc7 Bg4
34. Nxe5 Bxe5 35. Qxe5 Bf3 36. Kg1 Bxg2 37. Kxg2 Qxa3 38. Ra1 Qd6 39. Qxd6 Rxd6
40. f4 Rd2+ 41. Kf3 Rd3+ 42. Kf2 h5 43. Ra5 g6 44. Ra7 Rb3 45. Kg2 Kf8 46. Ra2
Kf7 47. e5 Re3 48. Ra7+ Kg8 49. Kf2 Re4 50. Kf3 Re1 51. Ra3 Kf7 52. Re3 Rf1+
53. Ke4 Ke6 54. Rd3 Re1+ 55. Kf3 Rf1+ 56. Kg2 Ra1 57. Rd6+ Kf7 58. Rf6+ Kg7 59.
Rc6 Kf7 60. Rb6 Rc1 61. Kf2 Rc2+ 62. Kf3 Rc3+ 63. Kg2 Rc1 64. Rb2 Ke6 65. Re2
Ra1 66. Kh3 Rh1+ 67. Rh2 Rg1 68. Rd2 Rh1+ 69. Kg2 Ra1 70. Rd6+ Kf7 71. Kf2 Ra3
72. Rd7+ Kf8 73. Kg2 Ra1 74. Rb7 Rc1 75. Rb3 Kf7 76. Kh2 Ra1 77. Kg2 Rc1 78.
Kf3 Re1 79. Re3 Rf1+ 80. Ke4 Ke6 81. Ra3 Re1+ 82. Kd4 Rd1+ 83. Kc4 Rc1+ 84. Rc3
Rxc3+ 85. Kxc3 g5 86. Kd4 h4 1/2-1/2

[Event "Deutsche Meisterschaft 2013"]
[Site "Saarbrücken"]
[Date "2013.09.12"]
[Round "7.9"]
[White "Braun, Christian"]
[Black "Schwarz, Frank"]
[Result "1-0"]
[WhiteElo "2362"]
[BlackElo "2249"]
[PlyCount "47"]
[EventDate "2013.09.05"]

1. e4 e6 2. d3 d5 3. Nd2 Nf6 4. Ngf3 Bc5 5. e5 Nfd7 6. b3 Nc6 7. Bb2 O-O 8. d4
Bb6 9. Be2 f6 10. O-O Ne7 11. c4 c6 12. Bd3 Ng6 13. Qc2 f5 14. g3 Nh8 15. h4
Nf7 16. Rfe1 g6 17. Ba3 Re8 18. Nf1 Nf8 19. Ne3 Bxd4 20. Nxd4 dxc4 21. Nxc4
Qxd4 22. Rad1 Qg4 23. Be2 Qe4 24. Qc3 1-0

[Event "Deutsche Meisterschaft 2013"]
[Site "Saarbrücken"]
[Date "2013.09.12"]
[Round "7.10"]
[White "Plischki, Sebastian"]
[Black "Colpe, Malte"]
[Result "1/2-1/2"]
[WhiteElo "2436"]
[BlackElo "2338"]
[PlyCount "130"]
[EventDate "2013.09.05"]

1. d4 Nf6 2. c4 e6 3. Nc3 d5 4. cxd5 exd5 5. Bg5 Be7 6. e3 c6 7. Bd3 Nbd7 8.
Nf3 Ne4 9. Bxe4 Bxg5 10. Bd3 Be7 11. Qc2 g6 12. O-O-O Nf6 13. Ne5 Ng4 14. Kb1
Nxe5 15. dxe5 Be6 16. f4 Qa5 17. h3 O-O-O 18. g4 Kb8 19. f5 Bc8 20. Ne2 Rhe8
21. e6 fxe6 22. fxg6 hxg6 23. Bxg6 Rh8 24. e4 Rdf8 25. Nd4 Qb6 26. exd5 exd5
27. Bf5 Bf6 28. Bxc8 Bxd4 29. Bf5 Bf6 30. Rd3 Re8 31. Rb3 Qc7 32. Qd2 Qe7 33.
Rf1 Ka8 34. Bg6 Ref8 35. Rbf3 Qg7 36. Qc2 a6 37. a3 Rh6 38. Bd3 Be7 39. Qe2
Rxf3 40. Rxf3 Rf6 41. Bf5 Rf8 42. Qe6 Bg5 43. Rb3 Rh8 44. Ka2 Qe7 45. Rf3 Kb8
46. Qxe7 Bxe7 47. Bg6 Kc7 48. b4 Kd6 49. Kb3 a5 50. Bf5 Bg5 51. Bd3 axb4 52.
axb4 b6 53. Kc2 c5 54. bxc5+ bxc5 55. Rf5 Rg8 56. Bf1 Be7 57. Bg2 Rg5 58. Rxg5
Bxg5 59. Bf3 c4 60. Bg2 d4 61. Bf1 Kc5 62. Be2 Kd5 63. Bf1 Kc5 64. Be2 Kb4 65.
Bf1 Kc5 1/2-1/2

[Event "Deutsche Meisterschaft 2013"]
[Site "Saarbrücken"]
[Date "2013.09.12"]
[Round "7.11"]
[White "Müller, Reinhold"]
[Black "Jugelt, Tobias"]
[Result "0-1"]
[WhiteElo "2249"]
[BlackElo "2429"]
[PlyCount "70"]
[EventDate "2013.09.05"]

1. d4 Nf6 2. c4 e6 3. Nf3 d5 4. g3 Bb4+ 5. Bd2 Be7 6. Bg2 O-O 7. Qc2 c6 8. O-O
Nbd7 9. Nc3 dxc4 10. e4 b5 11. a4 b4 12. e5 b3 13. Qc1 Nd5 14. Ne4 Ba6 15. Rd1
c5 16. Bg5 Bxg5 17. Nexg5 h6 18. Ne4 cxd4 19. Rxd4 Qc7 20. Nd6 Nxe5 21. Nxe5
Qxd6 22. Ng4 h5 23. Ne3 Qc5 24. Nxd5 Qxd4 25. Ne7+ Kh8 26. Qg5 Qg4 27. Qa5 Rad8
28. h3 Qe2 29. g4 g6 30. Qxa6 Rd1+ 31. Rxd1 Qxd1+ 32. Bf1 c3 33. Nxg6+ fxg6 34.
Qxe6 Qd4 35. Bc4 c2 0-1

[Event "Deutsche Meisterschaft 2013"]
[Site "Saarbrücken"]
[Date "2013.09.12"]
[Round "7.12"]
[White "Zieher, Hartmut"]
[Black "Krassowizkij, Jaroslaw"]
[Result "1/2-1/2"]
[WhiteElo "2300"]
[BlackElo "2381"]
[PlyCount "157"]
[EventDate "2013.09.05"]

1. e4 e6 2. d4 d5 3. Nd2 Nf6 4. e5 Nfd7 5. f4 c5 6. Ngf3 Nc6 7. Nb3 c4 8. Nbd2
b5 9. Be2 Nb6 10. Nf1 Bd7 11. Ne3 Be7 12. O-O O-O 13. Bd2 f6 14. c3 Be8 15. Qe1
fxe5 16. Nxe5 Nxe5 17. fxe5 Rxf1+ 18. Nxf1 Bh4 19. g3 Be7 20. Bg4 Qd7 21. Ne3
Na4 22. b3 Nb2 23. Qf1 Rc8 24. Rb1 Nd3 25. a4 a6 26. axb5 axb5 27. bxc4 bxc4
28. Rb6 Rc6 29. Rb8 h5 30. Bxh5 Rc8 31. Bxe8 Rxe8 32. Rxe8+ Qxe8 33. Ng2 Qa4
34. Nf4 Nxf4 35. Qxf4 Qd1+ 36. Kg2 Qe2+ 37. Qf2 Qe4+ 38. Kg1 Qb1+ 39. Qe1 Qf5
40. Qe2 Qb1+ 41. Kg2 Qc2 42. h4 Ba3 43. Qe1 Be7 44. Qc1 Qd3 45. Bf4 Qe4+ 46.
Kh3 Qf5+ 47. g4 Qd3+ 48. Qe3 Qf1+ 49. Kg3 Qh1 50. g5 Kh7 51. Qf3 Qxf3+ 52. Kxf3
Kg6 53. Kg4 Kh7 54. Kh5 g6+ 55. Kg4 Kg8 56. Kf3 Kf7 57. Ke2 Ke8 58. Kd1 Bf8 59.
Kc2 Kd7 60. Kb2 Kc6 61. Ka2 Kb5 62. Bg3 Ka5 63. h5 gxh5 64. g6 Ka4 65. Bh4 Bh6
66. Bf6 Bf8 67. g7 Bxg7 68. Bxg7 h4 69. Bh6 h3 70. Bf4 Kb5 71. Ka3 Ka5 72. Bh2
Kb5 73. Bg1 Ka5 74. Kb2 Ka4 75. Kc2 Ka3 76. Kd2 Kb3 77. Bh2 Kb2 78. Bf4 Kb3 79.
Bh2 1/2-1/2

[Event "Deutsche Meisterschaft 2013"]
[Site "Saarbrücken"]
[Date "2013.09.12"]
[Round "7.13"]
[White "Schleining, Zoya"]
[Black "Schlenker, Jörg"]
[Result "1-0"]
[WhiteElo "2377"]
[BlackElo "2217"]
[PlyCount "133"]
[EventDate "2013.09.05"]

1. d4 g6 2. e4 Bg7 3. Nc3 c5 4. d5 d6 5. Bb5+ Nd7 6. a4 a6 7. Be2 Qa5 8. Bd2
Qc7 9. Nf3 Ngf6 10. h3 h6 11. Qc1 Nf8 12. h4 Bd7 13. Ra3 Ng4 14. h5 g5 15. a5
Nf6 16. Nh2 e6 17. Nf1 exd5 18. Nxd5 Nxd5 19. exd5 Nh7 20. Ng3 O-O-O 21. O-O f5
22. Bd3 Rdf8 23. f4 c4 24. Bc3 Rhg8 25. Bxc4 Bxc3 26. Rxc3 Kb8 27. Bb5 Qd8 28.
Bxd7 Qxd7 29. Qe3 Nf6 30. Qe6 Qxe6 31. dxe6 gxf4 32. e7 Re8 33. Nxf5 Rg5 34.
Nxd6 Rxe7 35. Rc8+ Ka7 36. Rf8 Re2 37. Rf2 Re1+ 38. Rf1 Re2 39. Nc8+ Kb8 40.
Nb6+ Kc7 41. Rxf4 Rexg2+ 42. Kf1 Nxh5 43. Rc4+ Kd6 44. Rd8+ Ke6 45. Re8+ Kf7
46. Rb8 Rg1+ 47. Ke2 Ng3+ 48. Kf2 Nh1+ 49. Ke3 Re1+ 50. Kd2 Re7 51. Rh4 Rg2+
52. Kc3 Ng3 53. Rxh6 Kg7 54. Rh4 Ne4+ 55. Rxe4 Rxe4 56. Rxb7+ Kg8 57. Nc4 Ree2
58. Rb6 Rg3+ 59. Kb4 Rxc2 60. Rxa6 Rg4 61. b3 Rg3 62. Rb6 Kf7 63. a6 Rg8 64. a7
Ra2 65. Rb7+ Ke6 66. Rb8 Kf7 67. Rxg8 1-0

[Event "Deutsche Meisterschaft 2013"]
[Site "Saarbrücken"]
[Date "2013.09.12"]
[Round "7.14"]
[White "Bastian, Herbert"]
[Black "Pfretzschner, Roland"]
[Result "0-1"]
[WhiteElo "2339"]
[BlackElo "2232"]
[PlyCount "54"]
[EventDate "2013.09.05"]

1. e4 c6 2. d4 d5 3. e5 Bf5 4. Nf3 e6 5. Be2 Nd7 6. O-O Bg6 7. Nbd2 Nh6 8. Nb3
Nf5 9. Bf4 Be7 10. Rc1 O-O 11. Qd2 a5 12. a4 Bh5 13. h3 Bxf3 14. Bxf3 Nb6 15.
Ra1 Nc4 16. Qc1 Qb6 17. Rd1 f6 18. Be2 Rad8 19. Ra2 fxe5 20. dxe5 Bh4 21. Rf1
Ng3 22. Bxg3 Bxg3 23. Kh1 Rxf2 24. Bg4 Bxe5 25. Re1 Rdf8 26. Bxe6+ Kh8 27. Bg4
Rxg2 0-1

[Event "Deutsche Meisterschaft 2013"]
[Site "Saarbrücken"]
[Date "2013.09.12"]
[Round "7.15"]
[White "Litwak, Aleksej"]
[Black "Frischmann, Rick"]
[Result "1-0"]
[WhiteElo "2230"]
[BlackElo "2230"]
[PlyCount "97"]
[EventDate "2013.09.05"]

1. e4 c5 2. Nf3 e6 3. d4 cxd4 4. Nxd4 a6 5. Bd3 Qc7 6. O-O Nf6 7. Qe2 d6 8. c4
g6 9. Nc3 Bg7 10. Rd1 O-O 11. Nf3 Nc6 12. h3 Nd7 13. Bf4 b6 14. Rac1 Nde5 15.
b3 h6 16. Bb1 g5 17. Be3 Nxf3+ 18. Qxf3 Ne5 19. Qg3 Kh7 20. h4 g4 21. Ne2 Rg8
22. Nf4 Bf6 23. Nh5 Bd8 24. Qf4 Rg6 25. Qh2 Bb7 26. Bf4 Be7 27. b4 f6 28. Bg3
Rgg8 29. Nf4 Qc8 30. h5 Kg7 31. a3 a5 32. c5 dxc5 33. bxc5 Bxc5 34. Nd3 Nxd3
35. Bxd3 e5 36. Bxe5 fxe5 37. Qxe5+ Kh7 38. Qf6 Rg7 39. e5+ Kg8 40. Bc4+ Kh7
41. Rd6 Bxd6 42. Bd3+ Kg8 43. Rxc8+ Rxc8 44. exd6 Bd5 45. Qxh6 Bf7 46. d7 Rd8
47. Bh7+ Kh8 48. Bf5+ Kg8 49. Qxb6 1-0

[Event "Deutsche Meisterschaft 2013"]
[Site "Saarbrücken"]
[Date "2013.09.12"]
[Round "7.16"]
[White "Braun, Vitali"]
[Black "Tabatt, Hendrik"]
[Result "0-1"]
[WhiteElo "2403"]
[BlackElo "2303"]
[PlyCount "98"]
[EventDate "2013.09.05"]

1. d4 Nf6 2. c4 g6 3. Nc3 Bg7 4. e4 O-O 5. Nf3 d6 6. h3 a6 7. Be3 c6 8. Bd3 b5
9. O-O Nbd7 10. e5 Ne8 11. exd6 Nxd6 12. c5 Nf5 13. Bxf5 gxf5 14. Bg5 Re8 15.
Re1 Nf8 16. Qd2 f6 17. Bh6 Be6 18. Ne2 Qd7 19. Bxg7 Kxg7 20. Nf4 Bf7 21. Rad1
Ne6 22. Nh4 Nxf4 23. Qxf4 e6 24. Rd3 Bg6 25. Ree3 Rad8 26. Nf3 Qa7 27. Rd2 Qb8
28. Qh4 f4 29. Ree2 Rd5 30. Qg4 Kf7 31. h4 Bf5 32. Qh5+ Kg7 33. Nh2 Red8 34.
Qf3 Rxd4 35. Rxd4 Rxd4 36. Qxc6 Rd1+ 37. Nf1 Qd8 38. Kh2 Rxf1 39. Qf3 Qd1 40.
g4 fxg3+ 41. Qxg3+ Kh6 42. Qf4+ Kh5 43. Qf3+ Bg4 44. Re5+ fxe5 45. Qf7+ Kxh4
46. Qe7+ Kh5 47. Qxh7+ Kg5 48. Qg7+ Kf4 49. Qh6+ Ke4 0-1

[Event "Deutsche Meisterschaft 2013"]
[Site "Saarbrücken"]
[Date "2013.09.12"]
[Round "7.17"]
[White "Paul, Johannes"]
[Black "Vatter, Hans-Joachim"]
[Result "0-1"]
[WhiteElo "2227"]
[BlackElo "2288"]
[PlyCount "64"]
[EventDate "2013.09.05"]

1. c4 e6 2. g3 d5 3. Bg2 dxc4 4. Na3 Bxa3 5. bxa3 Nf6 6. Nf3 O-O 7. Bb2 Nbd7 8.
Qc2 a6 9. O-O Rb8 10. Qxc4 b5 11. Qc2 Bb7 12. a4 c5 13. axb5 axb5 14. a4 b4 15.
Rfc1 Qa5 16. d3 Rfc8 17. Nd2 Bxg2 18. Kxg2 Ra8 19. Nc4 Qc7 20. Qd2 Rxa4 21.
Rxa4 Qc6+ 22. f3 Qxa4 23. Bxf6 gxf6 24. Qh6 Qa2 25. Nd6 Qxe2+ 26. Kh3 Ra8 27.
Rc4 f5 28. Qg5+ Kf8 29. Qh5 Ne5 30. Nxf5 Qf1+ 31. Kh4 Nxf3+ 32. Kg4 Ne5+ 0-1

[Event "Deutsche Meisterschaft 2013"]
[Site "Saarbrücken"]
[Date "2013.09.12"]
[Round "7.18"]
[White "Seyfried, Claus"]
[Black "Jussupow, Nadia"]
[Result "1/2-1/2"]
[WhiteElo "2185"]
[BlackElo "2156"]
[PlyCount "92"]
[EventDate "2013.09.05"]

1. e4 e6 2. d4 d5 3. Nc3 Nf6 4. e5 Nfd7 5. Nce2 c5 6. c3 Nc6 7. Nf3 cxd4 8.
cxd4 f6 9. exf6 Qxf6 10. Nc3 Bd6 11. Bd3 h6 12. O-O O-O 13. Bc2 Rd8 14. a3 Nf8
15. Be3 Bd7 16. Qd2 Be8 17. Ne1 Bg6 18. f4 Rac8 19. Rc1 Bc7 20. b4 Bxc2 21.
Rxc2 Ng6 22. Nf3 Bxf4 23. Ne5 Rf8 24. Bxf4 Nxf4 25. Nf3 Ng6 26. Rcc1 Qf4 27.
Qf2 a6 28. Ne2 Qd6 29. Qe3 Nce7 30. Qd3 Nf4 31. Qd2 Nxe2+ 32. Qxe2 Rxc1 33.
Rxc1 Nc6 34. Re1 Rf6 35. Qd2 Qc7 36. Rc1 Qb6 37. Rc5 Qd8 38. Qc3 Qf8 39. a4 Rf4
40. h3 Qf6 41. Rxc6 bxc6 42. Qxc6 Rxf3 43. gxf3 Qxd4+ 44. Kg2 Kf7 45. b5 axb5
46. axb5 Qd2+ 1/2-1/2

[Event "Deutsche Meisterschaft 2013"]
[Site "Saarbrücken"]
[Date "2013.09.12"]
[Round "7.19"]
[White "Marcziter, Dmitrii"]
[Black "Schellmann, Frank"]
[Result "1-0"]
[WhiteElo "2265"]
[BlackElo "2098"]
[PlyCount "103"]
[EventDate "2013.09.05"]

1. d4 Nf6 2. Nf3 g6 3. c4 Bg7 4. g3 c6 5. Bg2 d5 6. cxd5 cxd5 7. Ne5 Ne4 8. O-O
O-O 9. f3 Nd6 10. Nc3 f6 11. Nd3 Nf5 12. Nf4 e6 13. e3 Nc6 14. Qe1 Nfe7 15. Bh3
f5 16. Bd2 b6 17. Qf2 Qd7 18. Rfc1 Ba6 19. Bf1 Bxf1 20. Qxf1 Rfc8 21. Nb5 a6
22. Nc3 e5 23. dxe5 Nxe5 24. Nd1 N7c6 25. Kg2 d4 26. Nf2 Qf7 27. Qe2 Re8 28. e4
d3 29. N2xd3 Nxd3 30. Rxc6 fxe4 31. fxe4 Nxf4+ 32. Bxf4 Rac8 33. Rac1 Rxc6 34.
Rxc6 Bd4 35. b3 b5 36. Qc2 Qb7 37. a4 Qf7 38. Rxa6 Rf8 39. h4 bxa4 40. Rxa4 Be5
41. Qc4 Bxf4 42. gxf4 Qxc4 43. bxc4 Rxf4 44. c5 Kf7 45. Kg3 Rf1 46. Rc4 Ke7 47.
c6 Kd8 48. c7+ Kc8 49. Kg4 h6 50. Rc6 g5 51. hxg5 hxg5 52. Kxg5 1-0

[Event "Deutsche Meisterschaft 2013"]
[Site "Saarbrücken"]
[Date "2013.09.12"]
[Round "7.20"]
[White "Bär, Sören"]
[Black "Commercon, Simon"]
[Result "0-1"]
[WhiteElo "2139"]
[BlackElo "2187"]
[PlyCount "162"]
[EventDate "2013.09.05"]

1. Nf3 g6 2. d4 Nf6 3. c4 Bg7 4. g3 O-O 5. Bg2 d6 6. O-O Nc6 7. Nc3 a6 8. d5
Na5 9. b3 c5 10. dxc6 bxc6 11. Bb2 Rb8 12. Qd2 Bd7 13. Rfd1 Ng4 14. c5 d5 15.
e4 e6 16. h3 Nf6 17. e5 Ne8 18. Na4 Nb7 19. b4 Nc7 20. Rac1 Qe7 21. Nb6 Na8 22.
Na4 Nc7 23. Bd4 Nb5 24. Be3 f6 25. exf6 Bxf6 26. Bh6 Rfe8 27. Nb6 e5 28. a4 Nc7
29. Re1 e4 30. Nd4 Ne6 31. Nxe6 Bxe6 32. Be3 Qg7 33. b5 axb5 34. axb5 d4 35.
Bf4 Nxc5 36. Rxc5 Rxb6 37. Rxe4 cxb5 38. Rxe6 Rbxe6 39. Bd5 Qd7 40. Qa2 Kh8 41.
Bxe6 Rxe6 42. Kh2 Re8 43. Rc7 Qe6 44. Qa7 Re7 45. Qb8+ Kg7 46. Rc8 g5 47. Bd6
Rd7 48. Bf8+ Kg6 49. Bb4 Rf7 50. Rg8+ Bg7 51. Kg1 Qf5 52. Qd6+ Qf6 53. Rd8 h6
54. g4 Qxd6 55. Rxd6+ Rf6 56. Rd5 Rb6 57. Kg2 Bf6 58. Kf3 Kf7 59. Ke4 Ke6 60.
Rf5 Rb7 61. Kd3 Be7 62. Bxe7 Kxe7 63. Kxd4 b4 64. Re5+ Kd6 65. Re2 Rf7 66. Kc4
Rf4+ 67. Kb3 Kd5 68. Rd2+ Kc5 69. Rc2+ Kb5 70. Re2 Rf3+ 71. Kc2 Ka4 72. Kb2
Rxh3 73. Re8 Rf3 74. Ra8+ Kb5 75. Rb8+ Kc4 76. Rc8+ Kd3 77. Rc6 Rxf2+ 78. Kb3
Rf4 79. Rxh6 Rxg4 80. Rh3+ Ke2 81. Rh2+ Kf3 0-1